| 000 | 00918cab a2200265 4500 | ||
|---|---|---|---|
| 001 | ABS58673 | ||
| 008 | 090401t1998 xxu||||| |||| 00| 0 eng d | ||
| 035 | _a(Sirsi) u86335 | ||
| 041 | _aeng | ||
| 100 | _aBaldwin, A. | ||
| 245 | 2 | _aA methodology for assessing construction project delays | |
| 260 | _c1998 | ||
| 350 | _a0 | ||
| 490 |
_aConstruction Management & Economics _v16(3) May 1998, 327-337(11) |
||
| 520 | _aPresents a new method of construction delay analysis, which accounts for the progress of the project at the time when delay occurred, the changing nature of the critical path, and the effects of action taken to prevent delay. | ||
| 650 | _aCONTRACT CLAIMS | ||
| 650 | _aCRITICAL PATH ANALYSIS | ||
| 650 | _aDELAY ANALYSIS | ||
| 650 | _aDELAY | ||
| 650 | _aPROGRAMMING | ||
| 690 | _aBUILDING AND CONSTRUCTION-PROJECTS | ||
| 700 | _aBordoli, D. | ||
| 942 | _n0 | ||
| 948 | _c21/05/1998 | ||
| 999 |
_c54329 _d54329 |
||